Statistics for The Originals TV Show Episodes the CW network

Click here to take the quiz!

General Stats

  • This quiz has been taken 54 times
    (50 since last reset)
  • The average score is 23 of 92

Answer Stats

seasonepisode name% Correct
1Always and Forever
82%
From a Cradle to a Grave
50%
Ashes to Ashes
44%
Every Mother's Son
44%
Crescent City
41%
2Rebirth
41%
The Battle of New Orleans
41%
The Big Uneasy
41%
An Unblinking Death
38%
Apres Moi, le Deluge
38%
Bloodletting
38%
Girl in New Orleans
38%
Moon over Bourbon Street
38%
Sinners and Saints
38%
Tangled Up in Blue
38%
The Casket Girls
38%
A Closer Walk with Thee
35%
dance Back from the Grave
35%
Farewell to Storyville
35%
Fire with Fire
35%
Fruit of the Poisoned Tree
35%
Le Grand Guignol
35%
Live and Let Die
35%
Long Way Back from Hell
35%
Night Has a Thousand Eyes
35%
Red Door
35%
Reigning Pain in New Orleans
35%
The Map of Moments
35%
The River in Reverse
35%
They All Asked for You
35%
Alive and Kicking
32%
Brotherhood of the Damned
32%
Chasing the Devil's Tail
32%
City Beneath the Sea
32%
Exquisite Corpse
32%
The Devil is Damned
32%
Gonna Set Your Flag on Fire
29%
House of the Rising Son
29%
I Love You, Goodbye
29%
Save My Soul
29%
The Brothers That Care Forgot
29%
Wheel Inside the Wheel
29%
When the Levee Breaks
29%
You Hung the Moon
29%
A Walk on the Wild Side
26%
Beautiful Mistake
26%
3For the Next Millennium
26%
Give 'Em Hell Kid
26%
Out of the Easy
26%
The Axeman's Letter
26%
The Bloody Crown
26%
I'll See You in Hell or New Orleans
24%
Savior
24%
When the Saints Go Marching in
24%
Dead Angels
21%
No More Heartbreaks
21%
Wild at Heart
21%
A Ghost Along the Mississippi
18%
Alone with Everybody
18%
An Old Friend Calls
18%
A Streetcar Named Desire
18%
Behind the Black Horizon
18%
Heart Shaped Box
18%
The Other Girl in New Orleans
18%
What, Will, I, Have, Left
18%
Where Nothing Stays Buried
18%
4Gather up the Killers
15%
No Quarter
15%
The Tale of Two Wolves
15%
High Water and a Devil's Daughter
12%
Ne Me Quitte Pas
12%
Phantomesque
12%
The Devil Comes Here and Sighs
12%
5Where You Left Your Heart
12%
Bag of Cobras
9%
Between the Devil and the Deep Blue Sea
9%
Don't It Just Break Your Heart
9%
God's Gonna Trouble the Water
9%
I Hear You Knocking
9%
The Kindness of Strangers
9%
There in the Disappearing Light
9%
Til the Day I Die
9%
Voodoo child
9%
Voodoo in My Blood
9%
Haunter of Ruins
6%
Keepers of the House
6%
One Wrong Turn on Bourbon
6%
Queen Death
6%
The Feast of All Sinners
6%
We Have Not Long to Love
6%
A Spirit Here That Won't Be Broken
3%
Santuary
3%

Score Distribution

Percentile by Number Answered

Percent of People with Each Score

Your Score History

You have not taken this quiz since the last reset